000 00739nam a2200241Ia 4500
003 OSt
005 20220925232109.0
006 a|||||r|||| 00| 0
007 ta
008 220923b |||||||| |||| 00| 0 eng d
037 _cGeneral Book
040 _aRTL
_cRTL
_beng
041 _2eng
_aeng
082 _aX:9-75.50m73.N6, K9
100 _aBakke E. Wight
_9256686
245 0 _aMission of manpower policy
260 _aMichigan
_bWEUIER
_c1969
300 _avii, 126p.
_ccm.
490 _aWE Upjohn Institute for Employment Research, Studies in Employment and Unemployment
650 _aLabour Economics
_921364
942 _hX:9-75.50m73.N6, K9
_cGB
_2CC
999 _c590304
_d590304